| 000 | 00859nam a2200217Ia 4500 | ||
|---|---|---|---|
| 003 | Ost | ||
| 005 | 20260507075120.0 | ||
| 008 | 260507s9999||||xx |||||||||||||| ||und|| | ||
| 020 | _a9015723977 | ||
| 040 | _cfsecg | ||
| 041 | _aara | ||
| 082 | _a330 | ||
| 100 |
_aالخضري، محسن أحمد _eمؤلف |
||
| 245 | 0 |
_aالتسويق في ظل الركود / _c محسن أحمد الخضري |
|
| 260 |
_aالقاهرة: _bايتراك للنشر والتوزيع, _c1996 |
||
| 300 |
_a149 صفحة؛ _bإيضاحات ؛ _c24 سم |
||
| 520 | _aمفهوم جوانب دورة الاعمال- علاقة التسويق بالركود الإقتصادي- صناعة الاسواق- المزيج التسويقي والخروج من دائرة الركود | ||
| 653 | _aأدارة المبيعات | ||
| 653 | _aالتسويق | ||
| 942 | _cكتاب | ||
| 999 |
_c43073 _d43073 |
||